000 00436nam a2200181Ia 4500
003 GCL
008 140319s9999 xx 000 0 eng d
040 _aGCL /
_cGCL
082 0 4 _a153,9
_bB I
100 1 _aBIRCH, ANN
245 1 0 _aINDIVIDUAL DIFFERENCES /
_cBIRCH, ANN
700 1 _aHAYWARD, SHEILA
260 _a[S.N] :
_bMACMILLAN
300 _a228 PP
650 0 4 _aPSYCHOPATHOLOGY
650 0 4 _aINTELLIGENCE
942 _2ddc
_cBK
999 _c18603
_d18603